000 00500nam a2200193Ia 4500
008 151121s9999||||xx |||||||||||||| ||und||
082 _a340
082 _bHNW-4774
100 _aGovt। Of India
245 4 _aThe Bombay Civil List
260 _b"The Superintendent , Govt।Printing And Stationery"
260 _c--
300 _a834
600 _aGovt। Of India
630 _aThe Bombay Civil List
700 _aGovt। Of India
730 _aThe Bombay Civil List
942 _cBOOK
999 _c1212859
_d1212856